Compounds in Chemistry - Statistics

General Stats
  • This quiz has been taken 107 times
  • The average score is 8 of 10
Answer Stats
Hint Answer % Correct
Hydrogen Gas H2
100%
Water H2O
99%
Carbon Monoxide CO
98%
Carbon Dioxide CO2
97%
Oxygen Gas/Dioxide O2
91%
Hydrogen Chloride HCl
90%
Di 2
87%
Methane CH4
61%
MONO one
39%
Hydrogen Peroxide H2C2
5%
No matching quizzes found
Score Distribution
Percent of People with Each Score
Percentile by Number Answered
Your Score History
You have not taken this quiz